Management znalostí

Podstata definovania znalostí. Prehľad definícií manažmentu znalostí (knowledge management). Znalosti verzus informácie.

Gespeichert in:
Bibliographische Detailangaben
1. Verfasser: Dvořák, Jiří
Format: Buchkapitel
Sprache:Tschechisch
Schlagworte:
Tags: Tag hinzufügen
Keine Tags, Fügen Sie das erste Tag hinzu!

MARC

LEADER 00000naa$a2200000$$$4500
001 0005844
005 20231106121519.6
041 0 |a cze 
044 |a CZ 
245 1 0 |a Management znalostí  |c Jiří Dvořák 
520 |a Podstata definovania znalostí. Prehľad definícií manažmentu znalostí (knowledge management). Znalosti verzus informácie. 
610 2 0 |a manažment 
610 2 0 |a vedomosti 
610 2 0 |a definície 
610 2 0 |a spoločnosť vedomostná 
610 2 0 |a pojmy 
610 2 0 |a informácie 
610 2 0 |a riadenie podnikové 
610 2 0 |a riadenie znalostí 
100 1 |a Dvořák, Jiří